Cidades de Portugal em um mapa - Statistics

Estatísticas Gerais
  • Esse quiz foi jogado 161 vezes
  • A pontuação média é 8 de 10
Respostas no mapa
Respostas codificadas por cores de uma escala verde-vermelha no mapa do quiz de acordo com a % correta abaixo.
 
Estatísticas das Respostas
População Cidade % Correto
2 818 000 Lisboa
99%
1 758 531 Porto
98%
250 000 Braga
89%
270 000 Coimbra
89%
118 000 Faro
85%
210 000 Funchal
84%
140 000 Aveiro
82%
180 000 Guimarães
66%
120 000 Ponta Delgada
61%
120 000 Vila Franca de Xira
34%
Nenhum quiz correspondente encontrado
Distribuição das Pontuações
Porcentagem de Pessoas com Cada Pontuação
Percentil de Números Respondidos
Sua Pontuação Histórica
Você não jogou esse quiz